000 00886nam a2200277 i 4500
001 000030688
003 DO-SdBNP
005 20250730115440.0
007 ta
008 110526s1962 dr 000 0 spa d
040 _aDO-SdBNP
_bspa
_cBNPHU
_erda
082 4 _a864.44
_bV443p
_222
100 1 _aVeloz Maggiolo, Marcio,
_d1936-2021
_eautor
_91104
245 1 3 _aEl prófugo :
_brelato /
_cMarcio Veloz Maggiolo ; dibujo de Príamo Morel.
264 _aSanto Domingo :
_bEdiciones Brigadas Dominicana,
_c1962.
300 _a38 páginas ;
_c27 cm.
336 _2rdacontent
_atexto
_btxt
337 _2rdamedia
_asin mediación
_bn
338 _2rdacarrier
_avolumen
_bnc
490 0 _aBaluarte
_v5
590 _aInventariado, 2018/LP
650 4 _912378
_aEnsayos dominicanos
650 0 _aLiteratura dominicana.
_967
910 _aValidado. Control de calida. MAA
942 _2ddc
_cLF2
999 _c30180
_d30180